Statistics for Country connect with map: Alphabetical order

Click here to take the quiz!

General Stats

  • This quiz has been taken 51 times
  • The average score is 115 of 157

Answers on the Map

Answers color-coded by a green-red scale on the quiz's map according to % correct below.
 

Answer Stats

Answer% Correct
Afghanistan
100%
Bangladesh
86%
Bhutan
86%
Brunei
86%
Cambodia
86%
China
86%
East timor
86%
India
86%
Indonesia
86%
Laos
86%
Malaysia
86%
Myanmar
86%
Papua New Guinea
86%
Thailand
86%
Albania
83%
Algeria
83%
Andorra
83%
Armenia
83%
Austria
83%
Azerbaijan
83%
Bahrain
83%
Belarus
83%
Belgium
83%
Bosnia and Herzegovina
83%
Bulgaria
83%
Croatia
83%
Czech republic
83%
Egypt
83%
Estonia
83%
France
83%
Georgia
83%
Germany
83%
Greece
83%
Hungary
83%
Iran
83%
Iraq
83%
Israel
83%
Jordan
83%
Kosovo
83%
Kuwait
83%
Latvia
83%
Lebanon
83%
Libya
83%
Lithuania
83%
Moldova
83%
Montenegro
83%
Morocco
83%
Nepal
83%
Oman
83%
Pakistan
83%
Poland
83%
Qatar
83%
Romania
83%
Russia
83%
Saudi Arabia
83%
Singapore
83%
Spain
83%
Syria
83%
Turkey
83%
Ukraine
83%
United Arab Emirates
83%
Vietnam
83%
Yemen
83%
Italy
79%
Liechtenstein
79%
North Macedonia
79%
San Marino
79%
Serbia
79%
Slovakia
79%
Slovenia
79%
Switzerland
79%
Vatican City
79%
Angola
69%
Benin
69%
Botswana
69%
Burkina Faso
69%
Burundi
69%
Cameroon
69%
Central African republic
69%
Chad
69%
Democratic republic of the Congo
69%
Djibouti
69%
Equatorial guinea
69%
Eritrea
69%
Eswatini
69%
Ethiopia
69%
Gabon
69%
Gambia
69%
Ghana
69%
Guinea
69%
Guinea Bissau
69%
Ivory Coast
69%
Kenya
69%
Lesotho
69%
Liberia
69%
Malawi
69%
Mali
69%
Mauritania
69%
Mozambique
69%
Namibia
69%
Niger
69%
Nigeria
69%
Republic of the Congo
69%
Rwanda
69%
Senegal
69%
Sierra Leone
69%
Somalia
69%
South Africa
69%
South Sudan
69%
Sudan
69%
Tanzania
69%
Togo
69%
Tunisia
69%
Uganda
69%
Zambia
69%
Zimbabwe
69%
Argentina
66%
Bolivia
66%
Brazil
66%
Chile
66%
Peru
66%
Portugal
66%
Belize
62%
Canada
62%
Colombia
62%
Costa Rica
62%
Ecuador
62%
El Salvador
62%
Guatemala
62%
Guyana
62%
Honduras
62%
Luxembourg
62%
Mexico
62%
Netherlands
62%
Nicaragua
62%
Panama
62%
Paraguay
62%
Suriname
62%
United States
62%
Uruguay
62%
Venezuela
62%
Denmark
59%
Finland
59%
Kazakhstan
59%
Kyrgyzstan
59%
Monaco
59%
Norway
59%
Sweden
59%
Tajikistan
59%
Turkmenistan
59%
Uzbekistan
59%
Mongolia
55%
North Korea
55%
South Korea
55%
Ireland
48%
United Kingdom
48%
Sri Lanka
45%

Score Distribution

Percentile by Number Answered

Percent of People with Each Score

Your Score History

You have not taken this quiz